000 00871nam a22002177a 4500
999 _c145718
_d145718
005 20181110145527.0
010 _a1718EN-30ENG-122032
020 _a9789332555075
_c389.00
035 _aEN-105564
035 _aB-684208-220
037 _bBSB
_adpl
037 _bDBAD/PUB
082 _a350
245 _aPublic administration :
_bapproaches and applications /
_cedited by Alka Dhameja [and] Sweta Mishra
260 _aNoida
_bPearson
_c2016
270 _a15th Floor, Tower-B, World Trade Tower, Plot No.1, Block-C, Sector-16
_bNoida
_e201301
300 v _aliii,394p.
_c23cm(pbk)
500 _aIncludes bibliographical references and index
942 _2ddc
_cEN
_mPUB
_h350